00269nam a2200109Ia 4500008004100000040001200041082001400053100002000067245002300087260003500110300001400145200103s9999||||xx |||||||||||||| ||und|| aIMU-MPC aColumn-33 aBallaney, P. L. 0aTheory of Machines bKhanna Publishers, Delhic1985 axvi, 1310